000 01364nam a2200265Ia 4500
999 _c56134
_d56134
001 23235
003 GE_BSU
005 20230628101036.0
008 181216s1966ge xx |||||||||||||| ||geo||
040 _cGE_BSU
041 _ageo
080 _a94(479.22) ბ-57
100 _aბერძენიშვილი, ნიკო
_919022
245 _aგზები რუსთაველის ეპოქის საქართველოში /
_cნიკო ბერძენიშვილი,რედ. მ. ბერძენიშვილი, დ. მეგრელაძე
264 _aთბილისი :
_bმეცნიერება,
_c1966.
300 _a136 გვ. ;
_b21 სმ.
501 _aსაძიებლები: გეოგრაფიულ სახელთა, პირთა სახელების გვ. 122-135.
520 _aპარალ. თავფურ. რუს. ენ.
541 _h5 ლ.
653 _aგზები რუსთაველის ეპოქის საქართველოში
653 _aსაქართველოს ისტორია
700 _aბერძენიშვილი, მ
_eრედაქტორი
_918011
700 _aმეგრელაძე, დ.
_eრედაქტორი
_919023
942 _cBK
_2udc